| 000 | 00378nam a2200157Ia 4500 | ||
|---|---|---|---|
| 008 | 230312s9999||||xx |||||||||||||| ||und|| | ||
| 020 | _a0-03-033587-6 | ||
| 082 |
_a658.22 _bRYA |
||
| 100 | _aRyan J D | ||
| 245 | 0 | _aSmall Business | |
| 260 |
_bThomson _aAustralia _c2003 |
||
| 300 | _a412 | ||
| 546 | _aEng. | ||
| 650 |
_aAccounting _van entrpreneur`s business plan |
||
| 942 | _cBK | ||
| 999 |
_c871 _d871 |
||